[Event "Angers op 2nd"]
[Site "Angers"]
[Date "2007.04.14"]
[Round "3.5"]
[White "Bouillet, Patrick"]
[Black "Bailet, Pierre"]
[Result "0-1"]
[WhiteElo "1670"]
[BlackElo "2128"]
[PlyCount "62"]
[EventDate "2007.04.13"]
[EventType "swiss"]
[EventRounds "6"]
[EventCountry "FRA"]
[SourceTitle "CBM 117 Extra"]
[Source "ChessBase"]
[SourceDate "2007.05.09"]
[SourceVersion "1"]
[SourceVersionDate "2007.05.09"]
[SourceQuality "1"]

1. d4 Nf6 2. Nf3 g6 3. Bf4 Bg7 4. e3 0-0 5. c3 c5 6. Bd3 d6 7. Nbd2 cxd4 8. exd4 e5 9. Bg5 h6 10. Bxf6 Bxf6 11. 0-0 Nc6 12. Nb3 Qb6 13. dxe5 dxe5 14. Qc2 Bg7 15. a4 Be6 16. Nbd2 Rac8 17. Rab1 Nb4 18. a5 Qd6 19. Ne4 Qxd3 20. Qxd3 Nxd3 21. b3 Bd5 22. Nfd2 f5 23. Nd6 Rxc3 24. Nb5 Rc2 25. Nc4 Bxc4 26. bxc4 a6 27. Nd6 Nc5 28. Nxb7 Nxb7 29. Rxb7 Rxc4 30. Ra7 Rc6 31. Rd1 Rfc8 0-1

[Event "Angers op 1st"]
[Site "Angers"]
[Date "2006.05.07"]
[Round "4"]
[White "Lesbros, Bernard"]
[Black "Bouillet, Patrick"]
[Result "1-0"]
[WhiteElo "2043"]
[BlackElo "1690"]
[PlyCount "46"]
[EventDate "2006.05.06"]
[EventType "swiss"]
[EventRounds "6"]
[EventCountry "FRA"]
[SourceTitle "EXT 2007"]
[Source "ChessBase"]
[SourceDate "2006.11.23"]
[SourceVersion "1"]
[SourceVersionDate "2006.11.23"]
[SourceQuality "1"]

1. Nf3 e6 2. c4 b6 3. g3 Bb7 4. Bg2 f5 5. 0-0 Nf6 6. Nc3 Be7 7. d4 d6 8. Ng5 Bxg2 9. Kxg2 Qd7 10. d5 e5 11. Ne6 Kf7 12. Qc2 g6 13. e4 Nc6 14. Ng5+ Kg7 15. dxc6 Qxc6 16. Nd5 Nxd5 17. exd5 Qd7 18. Ne6+ Kg8 19. f4 e4 20. g4 h6 21. gxf5 gxf5 22. Qc3 Bf8 23. Kh1 Kf7 1-0